Die philosophie der Griechen in ihrer geschichtliche entwicklung dargestellt / (Record no. 310270)
[ view plain ]
| 000 -LEADER | |
|---|---|
| fixed length control field | 01128cam a22002411 4500 |
| 001 - CONTROL NUMBER | |
| control field | 000884270 |
| 003 - CONTROL NUMBER IDENTIFIER | |
| control field | AM-YeHGA |
| 005 - DATE AND TIME OF LATEST TRANSACTION | |
| control field | 20250617145336.0 |
| 008 - FIXED-LENGTH DATA ELEMENTS--GENERAL INFORMATION | |
| fixed length control field | 790807m1903 gw 000 0 ger d |
| 040 ## - CATALOGING SOURCE | |
| Original cataloging agency | AM-YeHGA |
| 041 0# - LANGUAGE CODE | |
| Language code of text/sound track or separate title | ger |
| 090 ## - LOCALLY ASSIGNED LC-TYPE CALL NUMBER (OCLC); LOCAL CALL NUMBER (RLIN) | |
| -- | 311986 |
| 100 1# - MAIN ENTRY--PERSONAL NAME | |
| Personal name | Zeller, Eduard, |
| Dates associated with a name | 1814-1908. |
| 245 14 - TITLE STATEMENT | |
| Title | Die philosophie der Griechen in ihrer geschichtliche entwicklung dargestellt / |
| Statement of responsibility, etc. | von dr. Eduard Zeller. |
| 260 ## - PUBLICATION, DISTRIBUTION, ETC. | |
| Place of publication, distribution, etc. | Leipzig : |
| Name of publisher, distributor, etc. | O.R. Reisland., |
| Date of publication, distribution, etc. | 1903-. |
| 300 ## - PHYSICAL DESCRIPTION | |
| Extent | v. ; |
| Dimensions | 23 cm. |
| 505 10 - FORMATTED CONTENTS NOTE | |
| Miscellaneous information | T. 1, H. 1 (1892, 5. aufl., xv, 621 p.) : |
| Title | Allgemeine einleitung. Vorsokratische philosophie ; |
| Miscellaneous information | T. 1, H. 2 (1892, 5. aufl., xiii, 624-1164 p.) : |
| Title | Allgemeine einleitung. Vorsokratische philosophie ; |
| Miscellaneous information | T. 3, Abt. 1, H. 1 (1909, 4. aufl., vi, 864 p.) : |
| Title | Die nacharistotellsche philosophie / |
| Statement of responsibility | hrsg. von dr. Eduard Wellmann ; |
| Miscellaneous information | T. 3, Abt. 2, H. 2 (1903, 4. aufl., xvi, 931 p.) : |
| Title | Die nacharistotellsche philosophie |
| 650 #0 - SUBJECT ADDED ENTRY--TOPICAL TERM | |
| Topical term or geographic name entry element | Philosophy, Ancient. |
| 700 1# - ADDED ENTRY--PERSONAL NAME | |
| Personal name | Nestle, Wilhelm, |
| Dates associated with a name | 1865-1959, |
| Relationship | edt |
| 700 1# - ADDED ENTRY--PERSONAL NAME | |
| Personal name | Lortzing, Franz, |
| Dates associated with a name | 1841- |
| 700 1# - ADDED ENTRY--PERSONAL NAME | |
| Personal name | Hoffmann, Ernst, |
| Dates associated with a name | 1880-1952. |
| 700 1# - ADDED ENTRY--PERSONAL NAME | |
| Personal name | Wellmann, Eduard, |
| Relationship | edt |
| Withdrawn status | Lost status | Source of classification or shelving scheme | Damaged status | Not for loan | Collection | Home library | Current library | Date acquired | Serial enumeration / chronology | Total checkouts | Full call number | Barcode | Date last seen | Price effective from | Koha item type | Public note |
|---|---|---|---|---|---|---|---|---|---|---|---|---|---|---|---|---|
| Universal Decimal Classification | Hambardzumyan Individual Collection | Fundamental Scientific Library | Fundamental Scientific Library | 09/01/2017 | T. 1, H. 1 | Amb/394 | FL0226450 | 09/01/2017 | 09/01/2017 | Գրքեր / Books | ILL Non-Circ. | |||||
| Universal Decimal Classification | Hambardzumyan Individual Collection | Fundamental Scientific Library | Fundamental Scientific Library | 09/01/2017 | T. 1, H. 2 | Amb/395 | FL0226449 | 09/01/2017 | 09/01/2017 | Գրքեր / Books | ILL Non-Circ. | |||||
| Universal Decimal Classification | Hambardzumyan Individual Collection | Fundamental Scientific Library | Fundamental Scientific Library | 09/01/2017 | T. 3, Abt. 1, H. 1 | Amb/396 | FL0226448 | 09/01/2017 | 09/01/2017 | Գրքեր / Books | ILL Non-Circ. | |||||
| Universal Decimal Classification | Hambardzumyan Individual Collection | Fundamental Scientific Library | Fundamental Scientific Library | 09/01/2017 | T. 3, Abt. 2, H. 2 | Amb/397 | FL0226447 | 09/01/2017 | 09/01/2017 | Գրքեր / Books | ILL Non-Circ. |
ՀՀ Գիտությունների ազգային ակադեմիայի հիմնարար գիտական գրադարան = Fundamental Scientific Library of NAS RA
All site content, except where otherwise noted, is licensed under a